Collins dictionary of sociology/ (Record no. 8130)

000 -LEADER
fixed length control field 00451nam a22001811a 4500
020 ## - INTERNATIONAL STANDARD BOOK NUMBER
ISBN 9780004708041
082 ## - DEWEY DECIMAL CLASSIFICATION NUMBER
Classification number 301.03
Item number DAV/C
100 ## - MAIN ENTRY--AUTHOR NAME
Personal name David Jary
100 ## - MAIN ENTRY--AUTHOR NAME
Personal name Julia Jary
245 ## - TITLE STATEMENT
Title Collins dictionary of sociology/
Statement of responsibility, etc by David Jary and Julia Jary
250 ## - EDITION STATEMENT
Edition statement 2nd.
260 ## - PUBLICATION, DISTRIBUTION, ETC. (IMPRINT)
Place of publication London:
Name of publisher Harper Collins,
Year of publication 1995.
300 ## - PHYSICAL DESCRIPTION
Number of Pages 774p.
650 ## - SUBJECT ADDED ENTRY--TOPICAL TERM
Topical Term Sociology Dictionary
650 ## - SUBJECT ADDED ENTRY--TOPICAL TERM
Topical Term Sociology
650 ## - SUBJECT ADDED ENTRY--TOPICAL TERM
Topical Term Social Sciences
942 ## - ADDED ENTRY ELEMENTS (KOHA)
Koha item type Book
Holdings
Withdrawn status Lost status Damaged status Not for loan Permanent Location Current Location Date acquired Cost, normal purchase price Full call number Accession Number Cost, replacement price Price effective from Koha item type
        Sree Sankaracharya University of Sanskrit Sree Sankaracharya University of Sanskrit 08.01.2015 0.00 R 301.03 DAV/C 051496 0.00 08.01.2015 Reference
        Sree Sankaracharya University of Sanskrit Sree Sankaracharya University of Sanskrit 08.01.2015 0.00 R 301.03 DAV/C 003626 0.00 08.01.2015 Reference